[Event "Floripa Chess Open 2024"]
[Site "Florianopolis"]
[Date "2024.01.26"]
[Round "8.36"]
[White "Gemy, Jose Daniel"]
[Black "Andrade, Roberto Luiz Costa"]
[Result "1-0"]
[WhiteElo "2329"]
[BlackElo "1962"]
[PlyCount "57"]
[EventDate "2024.01.20"]
[EventRounds "10"]
[EventCountry "BRA"]

1. e4 c5 2. Nf3 Nf6 3. Nc3 Nc6 4. d4 cxd4 5. Nxd4 e5 6. Ndb5 d6 7. Nd5 Nxd5 8.
exd5 Ne7 9. c4 Ng6 10. Qa4 Bd7 11. Qb4 Qb8 12. h4 a6 13. Nc3 h5 14. Be3 Be7 ({
RR} 14... a5 15. Qb3 a4 16. Qd1 Be7 17. g3 Qc8 18. Be2 Bg4 19. Rc1 Bxe2 20.
Qxe2 Qf5 21. c5 O-O 22. c6 bxc6 23. dxc6 Rfc8 24. Qc4 Bd8 25. Nd5 e4 26. c7
Bxc7 27. Nxc7 Ne5 28. Nd5 Kh7 {0-1 (28) Caruana,F (2832)-Carlsen,M (2835)
London ENG 2018}) 15. g3 O-O 16. Be2 Bg4 $146 ({RR} 16... b5 17. cxb5 axb5 18.
Bxh5 Bd8 19. O-O Ne7 20. Ne4 Nxd5 21. Qxd6 Qxd6 22. Nxd6 Nxe3 23. fxe3 f5 24.
Bf3 e4 25. Bd1 Bb6 26. Bb3+ Kh7 27. Rae1 g5 28. hxg5 Kg6 29. Bd5 Rab8 30. Kg2
Bc5 31. Nb7 {Afraoui,A (2140)-Djidjeli,S (2028) Albi FRA 2022 1/2-1/2 (45)}) ({
RR} 16... b5 17. cxb5 axb5 18. O-O f5 19. Bxh5 Nxh4 20. f4 Be8 21. Be2 exf4 22.
Rxf4 Ng6 23. Rf2 Bd7 24. Nxb5 Bf6 25. a4 Be5 26. Rf3 Qd8 27. Raf1 Qf6 28. b3 f4
29. gxf4 Nh4 30. Rg3 Nf5 31. fxe5 {Shirov,A (2655)-Fawzy,A (2535) Douglas IOM
2023 1-0 (50)}) ({RR} 16... b5 17. cxb5 axb5 18. Bxh5 Bd8 19. O-O Ne7 20. Bg5
Ba5 21. Qb3 Nf5 22. Ne2 Bb6 23. Rac1 Ra4 24. Rc6 Bxc6 25. dxc6 Rc4 26. a4 Nd4
27. Nxd4 Bxd4 28. axb5 d5 29. Rc1 Rxc1+ 30. Bxc1 Qb6 31. Be3 {Karjakin,S (2758)
-Carlsen,M (2855) Stavanger NOR 2021 1-0 (54)}) 17. Bxg4 hxg4 18. h5 Nh8 19. h6
gxh6 20. Bxh6 Rc8 21. Be3 f5 22. Na4 b5 23. cxb5 Qb7 24. Nb6 Rc5 25. Bxc5 dxc5
26. Qb3 c4 27. Qxc4 axb5 28. Qc6 Bb4+ 29. Ke2 1-0

[Event "Floripa Chess Open 2024"]
[Site "Florianopolis"]
[Date "2024.01.26"]
[Round "8.37"]
[White "Soares, Joao Carlos T. C."]
[Black "Piccoli, Lucas Fonseca"]
[Result "1/2-1/2"]
[WhiteElo "1983"]
[BlackElo "2263"]
[PlyCount "53"]
[EventDate "2024.01.20"]
[EventRounds "10"]
[EventCountry "BRA"]

1. d4 Nf6 2. c4 e6 3. Nf3 Bb4+ 4. Bd2 Bxd2+ 5. Nbxd2 d6 6. g3 b6 7. Bg2 Bb7 8.
O-O O-O 9. Qc2 c5 10. e4 cxd4 11. Nxd4 Nc6 12. Nxc6 Bxc6 13. Rfd1 ({RR} 13.
Rad1 Qc7 14. Nb3 Rac8 15. Qd3 Bb7 16. Rc1 Ba6 17. Nd2 Qc5 {1/2-1/2 (17) Cori,J
(2650)-Cordova,E (2534) Mexico City MEX 2022}) 13... Qc7 14. Nf1 $146 ({RR} 14.
b4 Rac8 15. Rac1 Bb7 16. Nb3 b5 17. c5 h6 18. Rxd6 Qxd6 19. cxd6 Rxc2 20. Rxc2
Bxe4 21. Bxe4 Nxe4 22. d7 Nf6 23. Rc7 Kh7 24. Rxa7 Nd5 25. h3 Rd8 26. Nc5 Kg6
27. Rb7 Nf6 28. Rc7 {1-0 (28) Ferreira,H (2151)-Nogue Fajula,J (2053) Manresa
2008}) 14... Qb7 15. Re1 Rac8 16. Rad1 Rfd8 17. Qb1 b5 18. cxb5 Qxb5 19. Ne3 d5
20. exd5 Nxd5 21. Nxd5 Bxd5 22. Bxd5 Rxd5 23. Rxd5 Qxd5 24. Rd1 Qc6 25. Qd3 h5
26. h4 a5 27. Qd2 1/2-1/2

[Event "Floripa Chess Open 2024"]
[Site "Florianopolis"]
[Date "2024.01.26"]
[Round "8.38"]
[White "Aranha Filho, Alvaro Z."]
[Black "Benitez, Andres"]
[Result "1/2-1/2"]
[WhiteElo "2201"]
[BlackElo "1956"]
[PlyCount "51"]
[EventDate "2024.01.20"]
[EventRounds "10"]
[EventCountry "BRA"]

1. d4 d5 2. Nf3 e6 3. c4 Nf6 4. g3 dxc4 5. Bg2 c6 6. O-O b5 7. a4 Bb7 8. b3
cxb3 9. Qxb3 a6 10. Rd1 ({RR} 10. Nc3 Be7 11. e4 b4 12. e5 Nd5 13. Ne4 O-O 14.
Bg5 Bxg5 15. Nfxg5 h6 16. Nf3 a5 17. Nd6 Ba6 18. Rfc1 Qb6 19. Rc2 Nd7 20. Rac1
Nc3 21. Rxc3 bxc3 22. Qxc3 Rab8 23. h4 Qb2 24. Qxc6 Rbc8 {Svidler,P (2728)
-Vallejo Pons,F (2679) Monte Carlo 2007 1-0 (47)}) 10... Nbd7 11. Ne5 Qc8 ({RR
} 11... Qb6 12. Bg5 Be7 13. Nxd7 Nxd7 14. Bxe7 Kxe7 15. Nc3 Rhd8 16. Ne4 f5 17.
Qb4+ Kf7 18. Ng5+ Kg8 19. Qe7 Nf6 20. Qxe6+ Kh8 21. Nf7+ Kg8 22. Nh6+ Kh8 23.
Qg8+ Rxg8 24. Nf7# {1-0 (24) Jumanov,E (2155)-Dahlgren,J (1824) chess.com INT
2023}) 12. Nxd7 Nxd7 $146 ({RR} 12... Qxd7 13. Bb2 Be7 14. Nd2 O-O 15. Nf3 Qd5
16. Qc2 Qh5 17. Ne5 Nd5 18. Bf3 Qh3 19. Bg2 Qh5 20. Bf3 Qh3 21. Bg2 Qh5 {
1/2-1/2 (21) Heyl,T (2085)-Ippolito,D (2280) Honolulu 1997}) 13. Ba3 Bxa3 14.
Nxa3 O-O 15. Rac1 Rb8 16. Qb4 Nf6 17. Qc5 Nd5 18. e4 Nf6 19. e5 Nd5 20. Bxd5
cxd5 21. axb5 axb5 22. Nxb5 Ba6 23. Nd6 Qd7 24. Ra1 Be2 25. Re1 Bh5 26. Rec1
1/2-1/2

[Event "Floripa Chess Open 2024"]
[Site "Florianopolis"]
[Date "2024.01.26"]
[Round "8.39"]
[White "Rodi, Luis Ernesto"]
[Black "Cantarino Neto, Mario Ribeiro"]
[Result "1-0"]
[WhiteElo "2196"]
[BlackElo "1944"]
[PlyCount "55"]
[EventDate "2024.01.20"]
[EventRounds "10"]
[EventCountry "BRA"]

1. e4 e5 2. Nf3 Nc6 3. d4 exd4 4. Nxd4 Nf6 5. Nxc6 bxc6 6. e5 Qe7 7. Qe2 Nd5 8.
h4 Qe6 9. Nd2 d6 10. Nf3 ({RR} 10. exd6 Bxd6 11. Nc4 Bc5 12. a3 O-O 13. Qxe6
Bxe6 14. Bd3 Rfe8 15. O-O a5 16. Ne5 Bc8 17. Nc4 Be6 18. Re1 Nb6 19. Ne5 Bd5
20. Be3 Bd6 21. Bd4 c5 22. Bc3 c4 23. Bf1 Na4 24. Bd4 c5 {Caruana,F (2828)
-Robson,R (2667) Saint Louis USA 2019 1/2-1/2 (38)}) ({RR} 10. exd6 cxd6 11.
Nc4 Be7 12. Qxe6 Bxe6 13. Bd2 O-O 14. O-O-O Rfd8 15. g3 Rac8 16. Na5 Nb6 17.
Ba6 Rc7 18. a3 d5 19. Bf4 Bd6 20. Bxd6 Rxd6 21. Rhe1 Kf8 22. Nb7 Rdd7 23. Nc5
Re7 24. Bd3 h6 {Janaszak,D (2316)-Lenderman,A (2572) chess.com INT 2023 0-1  
(67)}) 10... dxe5 11. c4 Bb4+ 12. Kd1 $146 ({RR} 12. Bd2 Bxd2+ 13. Kxd2 Qh6+
14. Ke1 O-O 15. cxd5 cxd5 16. Qxe5 Bd7 17. Qg5 Rfe8+ 18. Kd1 Qb6 19. Qd2 c5 20.
Rc1 c4 21. Rc3 Bb5 22. Nd4 Ba4+ 23. b3 Re4 24. Nc2 cxb3 25. axb3 Bxb3 26. Bd3
Re6 {Shahinyan,D (2429)-Harutyunian,T (2552) Jermuk ARM 2019 1-0 (49)}) ({RR} 
12. Bd2 Bxd2+ 13. Kxd2 Qh6+ 14. Ke1 O-O 15. cxd5 cxd5 16. Qxe5 Bd7 17. Qg5
Rfe8+ 18. Kd1 Qb6 19. Qd2 c5 20. Rc1 c4 21. Rc3 Bb5 22. Nd4 Ba4+ 23. b3 Re4 24.
Nc2 cxb3 25. axb3 Bxb3 26. Bd3 Re6 {Shahinyan,D (2429)-Harutyunian,T (2552)
Jermuk ARM 2019 1-0 (49)}) 12... Nf6 13. Nxe5 O-O 14. Bf4 Bd6 15. Rh3 Bxe5 16.
Bxe5 Ng4 17. Bd4 Rd8 18. Rd3 Qxe2+ 19. Bxe2 Be6 20. b3 f6 21. Ke1 Ne5 22. Bxe5
fxe5 23. Rad1 Rxd3 24. Rxd3 Rf8 25. Re3 Rf4 26. g3 Rd4 27. Rxe5 Kf7 28. Bf3 1-0

[Event "Floripa Chess Open 2024"]
[Site "Florianopolis"]
[Date "2024.01.26"]
[Round "8.41"]
[White "Lutz, Igor Oscar"]
[Black "Bueno, Alfeu Junior Varela"]
[Result "0-1"]
[WhiteElo "1947"]
[BlackElo "2156"]
[PlyCount "56"]
[EventDate "2024.01.20"]
[EventRounds "10"]
[EventCountry "BRA"]

1. d4 e6 2. Nf3 f5 3. g3 b6 4. Bg2 Bb7 5. c4 Nf6 6. O-O Be7 7. b3 O-O 8. Ba3
Bxa3 9. Nxa3 Qe7 10. Nb5 a6 $146 ({RR} 10... d6 11. Qc2 Be4 12. Qb2 a6 13. Nc3
Nbd7 14. Nxe4 Nxe4 15. Rad1 Rab8 16. Nd2 Nxd2 17. Qxd2 g5 18. e3 Qg7 19. f4 Nf6
20. Qd3 Qg6 21. Rde1 Rbd8 22. e4 fxe4 23. Bxe4 Nxe4 24. Qxe4 Qxe4 25. Rxe4 {
Robert,J (1876)-Voelpel,R (2035) Germany 2010 1/2-1/2 (32)}) 11. Nxc7 Ra7 12.
d5 Qd6 13. dxe6 Qxc7 14. Nd4 Bxg2 15. Kxg2 dxe6 16. f3 Rd8 17. Nxe6 Rxd1 18.
Raxd1 Qe7 19. Rd8+ Kf7 20. Ng5+ Kg6 21. Rxb8 Kxg5 22. h4+ Kg6 23. Rxb6 Qxe2+
24. Rf2 Qe3 25. h5+ Kxh5 26. g4+ fxg4 27. fxg4+ Nxg4 28. Rf5+ g5 0-1

[Event "Floripa Chess Open 2024"]
[Site "Florianopolis"]
[Date "2024.01.26"]
[Round "8.42"]
[White "De Carvalho, Vitor Augusto Ponci"]
[Black "Muzzi, Eduardo"]
[Result "1-0"]
[WhiteElo "2124"]
[BlackElo "1913"]
[PlyCount "75"]
[EventDate "2024.01.20"]
[EventRounds "10"]
[EventCountry "BRA"]

1. e4 e6 2. Nf3 d5 3. Nc3 dxe4 4. Nxe4 Be7 ({RR} 4... Nd7 5. g3 b6 6. Bg2 Bb7
7. Qe2 Ngf6 8. Nxf6+ Nxf6 9. O-O Be7 10. d4 O-O 11. c4 c5 12. Rd1 cxd4 13. Nxd4
Qc8 14. Bxb7 Qxb7 15. b3 Rfd8 16. Bf4 Bc5 17. Be5 Nd7 18. Qf3 Qxf3 19. Nxf3 {
Guseinov,G (2585)-Meier,G (2512) ICC INT 2007 1-0 (75)}) 5. g3 ({RR} 5. Ng3 Nf6
6. d4 O-O 7. c3 c5 8. Bd3 cxd4 9. Be3 dxe3 10. fxe3 Nc6 11. Qc2 Qb6 12. O-O-O
e5 13. Kb1 Be6 14. Ng5 Qxe3 15. Bxh7+ Kh8 16. Nxe6 fxe6 17. Bg6 Rad8 18. Rde1
Qd2 19. Qa4 Qf4 {Fernandez Guillen,E (2466)-Manelyuk,D (2322) chess.com INT
2023 1-0 (64)}) 5... Nf6 6. Nxf6+ Bxf6 7. d4 $146 ({RR} 7. Bg2 c5 8. O-O O-O 9.
d3 Nc6 10. c3 Bd7 11. Qe2 b6 12. Nd2 e5 13. Ne4 Be7 14. f4 f5 15. Nf2 Bf6 16.
fxe5 Nxe5 17. Bf4 Re8 18. Rae1 Rc8 19. Bd5+ Be6 20. Bxe6+ Rxe6 21. d4 cxd4 {
Muron,M (2185)-Borkovec,M (2211) Czechia 2003 1/2-1/2 (44)}) 7... c5 8. Be3 Nc6
9. c3 cxd4 10. Nxd4 Nxd4 11. Bxd4 Bxd4 12. Qxd4 Qxd4 13. cxd4 Bd7 14. Bg2 Rc8
15. Kd2 Bc6 16. Rac1 Kd7 17. Bxc6+ Rxc6 18. Rxc6 Kxc6 19. Rc1+ Kd6 20. Ke3 Rd8
21. g4 h6 22. h4 f5 23. gxf5 exf5 24. h5 Re8+ 25. Kf4 Re4+ 26. Kxf5 Rxd4 27. f4
Rd2 28. Rg1 Rh2 29. Rg6+ Kd5 30. Rxg7 Rxh5+ 31. Kg6 Rh2 32. Rxb7 Rg2+ 33. Kf6
h5 34. Rb5+ Ke4 35. f5 Rg4 36. Ke6 h4 37. f6 Rf4 38. Rb4+ 1-0

[Event "Floripa Chess Open 2024"]
[Site "Florianopolis"]
[Date "2024.01.26"]
[Round "8.43"]
[White "Garmendia Vega, Gabriel"]
[Black "Madeira, Wagner Martins"]
[Result "1/2-1/2"]
[WhiteElo "1937"]
[BlackElo "2122"]
[PlyCount "61"]
[EventDate "2024.01.20"]
[EventRounds "10"]
[EventCountry "BRA"]

1. e4 d6 2. d4 Nf6 3. Nc3 g6 4. Be3 c6 5. h3 Nbd7 6. f4 b5 7. a3 Nb6 8. Nf3 Bg7
9. Bd3 O-O 10. O-O Bb7 11. Qe1 Rc8 $146 ({RR} 11... a5 12. f5 Qc7 13. Qh4 Nbd7
14. Bh6 Rfe8 15. Rae1 b4 16. Nd1 c5 17. Bxg7 Kxg7 18. e5 Ng8 19. Ng5 Nh6 20.
fxg6 f6 21. Ne6+ {1-0 (21) Fluvia Poyatos,J (2447)-Szalontay,M (2024) Figueres
2013}) ({RR} 11... a5 12. Rd1 Qc7 13. e5 Nfd5 14. Nxd5 Nxd5 15. Bd2 c5 16. c3
cxd4 17. cxd4 Qb6 18. Kh1 b4 19. f5 dxe5 20. dxe5 bxa3 21. bxa3 Qb3 22. Be4
Qxa3 23. Qh4 Ra6 24. e6 fxe6 25. fxg6 hxg6 26. Ng5 {Fogarasi,T (2490)-Collins,
S (2413) Budapest 2005 1-0 (43)}) ({RR} 11... Nfd7 12. f5 e5 13. Qg3 a6 14. Bg5
f6 15. Be3 Qe8 16. Qf2 Qd8 17. dxe5 dxe5 18. Rad1 gxf5 19. exf5 Nd5 20. Ne4
Nxe3 21. Qxe3 Qb6 22. Qxb6 Nxb6 23. Nc5 Ra7 24. Be4 Ba8 25. Ne6 Re8 26. Nd8 {
Chytilek,R (2418)-Skacelik,P (2279) Brno 2004 1/2-1/2 (51)}) 12. Rd1 e6 13. e5
Ne8 14. Ne4 Na4 15. Bc1 d5 16. Nf2 a6 17. b4 Kh8 18. g4 f5 19. exf6 Nxf6 20.
Ng5 Qb6 21. Be3 Rce8 22. Nh1 Nb2 23. Qh4 Nxd3 24. cxd3 Kg8 25. Ng3 Bc8 26. Rde1
Bh8 27. f5 exf5 28. gxf5 Qa7 29. Nf3 Bxf5 30. Nxf5 gxf5 31. Nd2 1/2-1/2

[Event "Floripa Chess Open 2024"]
[Site "Florianopolis"]
[Date "2024.01.26"]
[Round "8.44"]
[White "Zampronha, Wladimir Camilo"]
[Black "De Paula, Luan Araujo"]
[Result "1-0"]
[WhiteElo "2121"]
[BlackElo "1863"]
[PlyCount "57"]
[EventDate "2024.01.20"]
[EventRounds "10"]
[EventCountry "BRA"]

1. e4 e5 2. Nf3 Nf6 3. d4 Nxe4 4. Bd3 Nc6 5. Bxe4 d5 6. Bd3 e4 7. Be2 exf3 8.
Bxf3 Be6 ({RR} 8... Bd6 9. c3 O-O 10. O-O Ne7 11. Bg5 c6 12. Nd2 Qc7 13. h3 h6
14. Bxe7 Qxe7 15. Re1 Qg5 16. Kf1 Bf5 17. Nb3 Qf4 18. Bg4 Qh2 19. Bxf5 Rae8 20.
Re3 Qh1+ 21. Ke2 Qxg2 22. Qg1 Rxe3+ 23. Kxe3 {Paterek,M (2307)-Frolyanov,D  
(2485) chess.com INT 2023 0-1}) 9. O-O Qd7 10. c3 $146 ({RR} 10. c4 O-O-O 11.
c5 Be7 12. Nc3 g5 13. b4 g4 14. Be2 Bf6 15. Be3 Rdg8 16. b5 Ne7 17. Qa4 Kb8 18.
c6 Qd6 19. b6 Nxc6 20. Nb5 Qd7 21. Nxa7 Nxd4 22. bxc7+ Kxc7 23. Rac1+ Kb8 24.
Bf4+ {1-0 (24) Garro,P (2150)-Rocland,T (1923) France 2006}) 10... Bd6 11. c4
Ne7 12. c5 Bxh2+ 13. Kxh2 h5 14. Re1 h4 15. Nc3 c6 16. b4 f6 17. b5 Kf7 18.
bxc6 bxc6 19. Bf4 Rae8 20. Rb1 Nf5 21. Bg4 Nxd4 22. Bh5+ g6 23. Bxg6+ Kxg6 24.
Qxd4 Reg8 25. Bd6 Rh5 26. Ne2 Bf5 27. Nf4+ Kg5 28. Nxh5 Bxb1 29. Nxf6 1-0

[Event "Floripa Chess Open 2024"]
[Site "Florianopolis"]
[Date "2024.01.26"]
[Round "8.46"]
[White "Pedroso, Denian"]
[Black "Becker, Rogerio Sperb"]
[Result "1-0"]
[WhiteElo "1924"]
[BlackElo "2114"]
[PlyCount "71"]
[EventDate "2024.01.20"]
[EventRounds "10"]
[EventCountry "BRA"]

1. e4 c6 2. d4 d5 3. e5 Bf5 4. Nf3 e6 5. Be3 Nd7 6. Nbd2 Ne7 7. Nb3 ({RR} 7.
Be2 h6 8. Nb3 Bh7 9. O-O Nf5 10. Bd2 Be7 11. Bd3 O-O 12. Nc1 c5 13. c3 cxd4 14.
cxd4 Rc8 15. Ne2 Nh4 16. Bxh7+ Kxh7 17. Nf4 Qb6 18. Bc3 Nxf3+ 19. Qxf3 a5 20.
Rab1 Kh8 21. Rfd1 Bb4 {Li,R-Ha,Y (1681) Hefei CHN 2023 0-1 (65)}) 7... Bg4 ({RR
} 7... Bg6 8. Bd3 Nf5 9. Bg5 Be7 10. Bxe7 Nxe7 11. O-O O-O 12. Re1 Rc8 13. c3
c5 14. Nxc5 Nxc5 15. dxc5 Rxc5 16. Bxg6 Nxg6 17. Nd4 Qb6 18. Qd2 Ne7 19. Re3
Nf5 20. Nxf5 exf5 21. Rae1 Qe6 22. Rd3 {Polgar,J (2710)-Dziuba,M (2589) Warsaw
2011 1-0 (74)}) 8. Be2 $146 ({RR} 8. Bd3 Nf5 9. h3 Nxe3 10. fxe3 Bh5 11. O-O
Be7 12. Nc1 Bg5 13. Qd2 Bxf3 14. Rxf3 f6 15. exf6 gxf6 16. Ne2 Qe7 17. Qa5 f5
18. Nf4 Nf6 19. Raf1 Bxf4 20. Rxf4 O-O 21. Qe1 Nh5 22. Rh4 Rf7 {Okhotnik,V  
(2427)-Jorgensen,J (2210) Aalborg 2016 1-0}) 8... Nf5 9. O-O Be7 10. Qd2 O-O
11. h3 Bxf3 12. Bxf3 c5 13. c3 Rc8 14. g4 Nxe3 15. fxe3 f6 16. exf6 Nxf6 17.
Nc1 h6 18. Nd3 Bd6 19. Qg2 Qb6 $11 20. Kh1 c4 21. Nf4 Bxf4 22. exf4 Qd6 23. g5
hxg5 24. fxg5 Nd7 25. Bg4 Rxf1+ 26. Rxf1 Rf8 27. h4 Rxf1+ 28. Qxf1 Nf8 29. Qe2
Kf7 30. Qf3+ Ke8 31. Bh5+ g6 32. Bg4 Qb6 33. Qe2 Qd6 34. Kg2 Kd7 35. Qf3 Qe7
36. Qxd5+ 1-0

[Event "Floripa Chess Open 2024"]
[Site "Florianopolis"]
[Date "2024.01.26"]
[Round "8.47"]
[White "Ferreira, Thales Bond Dias"]
[Black "Marques, Eudes Pinto"]
[Result "0-1"]
[WhiteElo "2086"]
[BlackElo "1863"]
[PlyCount "156"]
[EventDate "2024.01.20"]
[EventRounds "10"]
[EventCountry "BRA"]

1. Nf3 d5 2. c4 e6 3. g3 Nf6 4. Bg2 Be7 5. O-O O-O 6. d4 a6 7. Nbd2 ({RR} 7.
Qc2 Nc6 8. Nbd2 dxc4 9. Qxc4 Bd6 10. b3 e5 11. d5 Na5 12. Qd3 c6 13. dxc6 Nxc6
14. Bb2 Qe7 15. Ng5 Rd8 16. Qb1 h6 17. Nge4 Bf5 18. Nxf6+ Qxf6 19. Be4 Bh3 20.
Bg2 Bf5 21. Be4 Bg4 {Halkias,S (2512)-Bacrot,E (2648) chess.com INT 2022 0-1  
(73)}) ({RR} 7. b3 dxc4 8. bxc4 c6 9. a4 c5 10. Bb2 Nc6 11. e3 Qb6 12. Qe2 Rd8
13. Rd1 cxd4 14. exd4 Na5 15. d5 Qc7 16. Ne5 Bd6 17. Nd2 exd5 18. cxd5 Re8 19.
f4 Qb6+ 20. Kh1 Qxb2 21. Rab1 Qa3 {Degtiarev,E (2382)-Dos Santos,L (2059)
chess.com INT 2023 0-1 (33)}) 7... Nc6 8. e3 $146 ({RR} 8. b3 b6 9. Bb2 Bb7 10.
Rc1 Ne4 11. Nxe4 dxe4 12. Ne1 f5 13. f3 Bf6 14. e3 Bg5 15. Qe2 Ne7 16. fxe4
fxe4 17. Rxf8+ Qxf8 18. Bh3 Nf5 19. Ng2 g6 20. Rf1 Qh6 21. Bg4 Re8 22. Nf4 Bf6
{Nikolic,N (2390)-Bojic,D (2300) Pula 1990 1-0}) 8... Re8 9. b3 b5 10. a3 Bb7
11. Qc2 Bf8 12. Bb2 Rc8 13. Rfd1 Nb8 14. Ne5 c5 15. dxc5 Bxc5 16. b4 Be7 17. c5
Nc6 18. Nb3 Nxe5 19. Bxe5 Ng4 20. Bb2 Bf6 21. h3 Ne5 22. Bxe5 Bxe5 23. Rac1 Qe7
24. Na5 f5 25. f4 Bf6 26. g4 g6 27. g5 Bg7 28. c6 Ba8 29. c7 Qd6 30. Qc5 Qxc5
31. Rxc5 Bf8 32. Rc2 Bd6 33. Rdc1 Re7 34. Nc6 Bxc6 35. Rxc6 Rexc7 36. Rxc7 Rxc7
37. Rxc7 Bxc7 38. Kf2 Kf7 39. Ke2 Ke7 40. Kd3 Kd6 41. Bf3 e5 42. fxe5+ Kxe5 43.
Bd1 Bb6 44. Bf3 Bd8 45. h4 a5 46. Kc3 Bb6 47. Kd2 axb4 48. axb4 d4 49. exd4+
Bxd4 50. Ke2 Kf4 51. h5 Kxg5 52. hxg6 hxg6 53. Kf1 Bc3 54. Bc6 Kf4 55. Kg2 g5
56. Bxb5 $11 g4 57. Bd7 Bxb4 58. Bc8 Kg5 59. Bb7 Bd6 60. Bc6 Kf4 61. Bd7 Kg5
62. Bc6 f4 63. Bb7 Bb8 64. Bc6 Kf6 65. Bb7 Ba7 66. Bc6 Bc5 67. Bb7 Bb4 68. Bc6
Be1 69. Bb7 Bh4 70. Bc6 Ke5 71. Bb7 Kd4 72. Ba6 Ke3 73. Bb5 f3+ 74. Kg1 Bf2+
75. Kh1 g3 76. Bf1 Be1 77. Kg1 Ba5 78. Bb5 g2 0-1

[Event "Floripa Chess Open 2024"]
[Site "Florianopolis"]
[Date "2024.01.26"]
[Round "8.48"]
[White "Fernandez, Maria Florencia"]
[Black "Azevedo, Edmundo"]
[Result "1-0"]
[WhiteElo "2074"]
[BlackElo "1860"]
[PlyCount "41"]
[EventDate "2024.01.20"]
[EventRounds "10"]
[EventCountry "BRA"]

1. d4 d5 2. c4 c6 3. Nc3 Nf6 4. e3 e6 5. Nf3 Bd6 6. Qc2 Nbd7 7. b3 Bb4 8. a3
Bxc3+ 9. Qxc3 Ne4 10. Qc2 Qa5+ 11. b4 Qd8 12. Bd3 f5 13. O-O O-O 14. Bb2 b6
$146 ({RR} 14... Rf6 15. Nd2 Rg6 16. f3 Qg5 17. Nxe4 fxe4 18. fxe4 Qxe3+ 19.
Kh1 Nf6 20. exd5 Rg4 21. Rae1 Qh6 22. dxe6 Rh4 23. g3 Rh3 24. Bc1 Qh5 25. Re5
Qg4 26. Rf4 Qxg3 27. Bf1 Qc3 28. Qg2 Rh6 29. Bb2 {Artemenko,O (2298)-Abdul
Satar,M (2240) Tashkent 2012 1-0 (32)}) 15. cxd5 cxd5 16. Qc6 Rb8 17. Qxe6+ Kh8
18. Qxd5 Ndf6 19. Qxd8 Rxd8 20. Ne5 Bb7 21. Nf7+ 1-0

[Event "Floripa Chess Open 2024"]
[Site "Florianopolis"]
[Date "2024.01.26"]
[Round "8.49"]
[White "Araujo, Renan Aparecido"]
[Black "Moyses Sobrinho, Elias"]
[Result "1-0"]
[WhiteElo "2062"]
[BlackElo "1844"]
[PlyCount "68"]
[EventDate "2024.01.20"]
[EventRounds "10"]
[EventCountry "BRA"]

1. d4 Nf6 2. Nf3 g6 3. e3 d5 4. Be2 Bg7 5. O-O O-O 6. b4 c6 ({RR} 6... a5 7. b5
c5 8. bxc6 Nxc6 9. a4 Ne4 10. Bb2 Bf5 11. Na3 Rc8 12. Nb5 Re8 13. Rc1 Nd6 14.
c3 Nc4 15. Bxc4 dxc4 16. Re1 Bd3 17. e4 Qb6 18. Qd2 Na7 19. Nxa7 Qxa7 20. Ba3
Qb6 21. Ne5 {Caruana,F (2820)-Nepomniachtchi,I (2792) chess24.com INT 2021 1/
2-1/2 (87)}) 7. Nbd2 Qc7 $146 ({RR} 7... Bf5 8. Bb2 Nbd7 9. c4 Ne4 10. c5 a5
11. b5 Ndxc5 12. bxc6 bxc6 13. Qc1 Na4 14. Ba3 c5 15. Nxe4 dxe4 16. Ne5 cxd4
17. Nc6 Qd7 18. Bb5 Kh8 19. Nxd4 Qd5 20. Bc6 Qe5 21. Bxa4 Rac8 22. Qd2 {
Logozar,E (2036)-Bykhovsky,A (2496) chess.com INT 2020 1-0 (36)}) ({RR} 7...
Bf5 8. a4 Ne4 9. Nxe4 Bxe4 10. Nd2 Bf5 11. Ba3 Nd7 12. c3 e5 13. b5 Re8 14. Nb3
h5 15. Rc1 Rc8 16. Re1 Qc7 17. h3 cxb5 18. Bxb5 a6 19. Bf1 Qc6 20. a5 Be6 21.
Nd2 Qc7 22. Qa4 {Bischoff,K (2486)-Areshchenko,A (2632) Kirchweyhe GER 2023 1/
2-1/2}) ({RR} 7... a5 8. b5 cxb5 9. Bxb5 Nc6 10. a4 Bf5 11. Ba3 Rc8 12. c3 Na7
13. Qb3 Nxb5 14. Qxb5 Rxc3 15. Qxb7 Qc7 16. Qxc7 Rxc7 17. Rfc1 Rfc8 18. Rxc7
Rxc7 19. Nb3 Ne4 20. Nxa5 Rc2 21. Bxe7 Rxf2 22. Nc6 {Popchev,M (2513)-Drenchev,
P (2371) Plovdiv 1999 1-0 (46)}) 8. Bb2 Nbd7 9. c4 Re8 10. Qb3 dxc4 11. Bxc4 e6
12. Rac1 Nd5 13. Rfd1 N7b6 14. e4 Nxc4 15. Nxc4 Nb6 16. Nce5 Bxe5 17. Nxe5 Nd7
18. Nd3 Qd8 19. Qc3 f6 20. f4 Qe7 21. Rf1 Nb6 22. Nc5 Nd7 23. Rce1 Nxc5 24.
bxc5 Qf7 25. g4 Bd7 26. g5 b6 27. Rf2 bxc5 28. dxc5 e5 29. fxe5 Rxe5 30. Rxf6
Rxg5+ 31. Kh1 Qe7 32. Rf2 Bf5 33. Qh8+ Kf7 34. Qg7+ Ke8 1-0

[Event "Floripa Chess Open 2024"]
[Site "Florianopolis"]
[Date "2024.01.26"]
[Round "8.50"]
[White "Dias, Anderson Tatsch"]
[Black "Kaneda, Eric Kazuichi"]
[Result "1-0"]
[WhiteElo "2058"]
[BlackElo "1803"]
[PlyCount "31"]
[EventDate "2024.01.20"]
[EventRounds "10"]
[EventCountry "BRA"]

1. c4 Nf6 2. Nc3 e6 3. e4 Nc6 4. Nf3 e5 5. d3 Bb4 6. a3 Bxc3+ 7. bxc3 d6 8. Be2
h6 9. O-O g5 $146 ({RR} 9... O-O 10. h3 b6 11. Be3 Bb7 12. Nh2 Ne7 13. f4 exf4
14. Bxf4 Ng6 15. Be3 Qe7 16. Ng4 Nxg4 17. Bxg4 Ne5 18. Be2 f5 19. Rxf5 Rxf5 20.
exf5 Nxc4 21. Bf4 Ne3 22. Qd2 Nxf5 23. Rf1 Re8 24. Bg4 {Michel Coto,M (2348)
-Todorovic,B (2222) chess.com INT 2022 1-0 (38)}) 10. Ne1 Ne7 11. Nc2 Ng6 12.
g3 Be6 13. Re1 Qd7 14. Ne3 h5 15. Nd5 Nxd5 16. cxd5 1-0

[Event "Floripa Chess Open 2024"]
[Site "Florianopolis"]
[Date "2024.01.26"]
[Round "8.51"]
[White "Da Rosa, Henrique Jaze Simoe"]
[Black "Martins, Anderson Donay"]
[Result "0-1"]
[WhiteElo "1917"]
[BlackElo "2058"]
[PlyCount "102"]
[EventDate "2024.01.20"]
[EventRounds "10"]
[EventCountry "BRA"]

1. Nf3 b5 2. g3 Bb7 3. Bg2 Nf6 4. O-O e6 5. d4 c5 6. b3 Nc6 7. Bb2 Rc8 ({RR} 
7... Qb6 8. a4 b4 9. Nbd2 d5 10. dxc5 Bxc5 11. Bxf6 gxf6 12. Rc1 a5 13. c4 bxc3
14. Rxc3 Nb4 15. Nb1 Ke7 16. Qd2 h5 17. Nh4 Rag8 18. e3 Bd6 19. Rcc1 Rg4 20.
Nc3 Rhg8 21. Ne2 d4 22. Bxb7 {Rahman,S (2087)-Zia,T (2275) Dhaka BAN 2024 1/
2-1/2 (51)}) 8. Nbd2 $11 Qb6 9. e3 d5 $146 ({RR} 9... cxd4 10. Nxd4 Nb4 11.
Bxb7 {1/2-1/2 (11) Sapi,L-Tabor,J (2305) Budapest 1981}) ({RR} 9... cxd4 10.
Nxd4 Nxd4 11. Bxd4 Bc5 12. Bxb7 Qxb7 13. Bxc5 Rxc5 14. c4 bxc4 15. bxc4 Qa6 16.
Qb3 O-O 17. Rfb1 Rfc8 18. Qb7 Qxb7 19. Rxb7 R5c7 20. Rab1 Kf8 21. Kf1 {1/2-1/2
(21) Pohjala,H (2340)-Lahdelma,H (2321) Finland FIN 2023}) 10. Qc1 cxd4 11.
Nxd4 Bc5 12. N2f3 O-O 13. Nxc6 Qxc6 14. Ne5 Qc7 15. Qd1 Bd6 16. Ng4 Nxg4 17.
Qxg4 Be5 18. Bxe5 Qxe5 19. Qe2 a6 20. Rab1 $11 Rc3 21. a4 b4 22. Rfc1 Rfc8 23.
Qd2 f5 24. Bf1 a5 25. Rb2 R8c5 26. Qd4 Qc7 27. Qd2 Qc6 28. Qd4 e5 29. Qh4 d4
30. Qd8+ Kf7 31. e4 Qxe4 32. Qd7+ Kg6 33. Qe6+ $11 Kh5 34. Be2+ Qxe2 35. Qf7+
Kh6 36. Qxb7 d3 37. Qe7 d2 38. Qd6+ Kh5 39. Rf1 Rxc2 40. Rxc2 Rxc2 41. Qd7
Qxf1+ 42. Kxf1 Rc1+ 43. Kg2 d1=Q 44. Qxf5+ Kh6 45. Qxe5 Qf1+ 46. Kf3 Rc3+ 47.
Kg4 Qd1+ 48. Kh4 Qd8+ 49. Kg4 g6 50. Qf4+ Kg7 51. Qe5+ Qf6 0-1